| 000 | 00374nam a2200157Ia 4500 | ||
|---|---|---|---|
| 008 | 260407s2019 xx 000 0 und d | ||
| 041 | _aeng | ||
| 082 |
_a428.24/ANI _b12245 |
||
| 100 | _aDR.ANIRUDDHA | ||
| 245 | _aMAHABHARATI SAMGRAH ENGLISH | ||
| 250 | _a1ST | ||
| 260 |
_aPUNE _bK.SAGAR PUB HOUSE _c2019 |
||
| 300 | _a153p | ||
| 650 | _aGENERAL | ||
| 650 | _aGENERAL | ||
| 999 |
_c1219737 _d1219737 |
||